000 03619nam a22003137i 4500
001 TCPA 3
003 gtcocun
005 20250913013117.0
006 a||||gr|||| 00| 0
008 250913b2013 gt ||||| m||| 00| 0 eng d
040 _agtcocun
_bSPA
_cgtcocun
_eRDA
041 _aSPA
084 _0TCPA 3
100 _aPacay Alvarado, Erick Fernando
_eAutor
245 _aInforme final del Ejercicio Profesional Supervisado, realizado en Servicentro Pacay, Sociedad Anónima, Cobán, Alta Verapaz/
_cErick Fernando Pacay Alvarado
_hImpreso
264 _aCobán, Alta Verapaz:
_bUniversidad de San Carlos de Guatemala, Centro Universitario del Norte, Licenciatura en Contaduría Pública y Auditoría.
_c2013
300 _a36 p.:
_bIlustraciones, gráficas.
_c28 cm; PDF
336 _2rdacontenido
_aTexto
_btxt
337 _2rdamedio
_asin mediación
_bn
338 _2rdasoporte
_avolumen
_bnc
502 _e.
502 _aTesis de grado
_bLicenciatura en Contaduría Pública y Auditoría.
_cUniversidad de San Carlos de Guatemala, Centro Universitario del Norte, Licenciatura en Contaduría Pública y Auditoría.
_d2013
_oTCPA 3
520 1 4 _aEn este documento se encontrará la descripción de la práctica supervisada que se efectuó en la empresa denominada Servicentro Pacay, Sociedad Anónima ubicada en la 1a. Calle 14-82 Zona 2 de la ciudad de Cobán, Alta Verapaz, inscrita legalmente como Centro de Servicio Automotriz para vehículos livianos. En la actualidad figura con el slogan “Líder en Servicio Automotriz”. Para el control y manejo de sus operaciones, la empresa tiene establecido el segmento de su mercado de la siguiente manera: Llantas, repuestos y mecánica. Cada uno de ellos con sus diferentes servicios y ventas. La empresa Servicentro Pacay mantiene incertidumbre en cuanto a las decisiones que toma respecto a las inversiones que realiza, específicamente cuando se trata de activos fijos. Por lo que la administración invierte según las necesidades que vayan surgiendo sin tomar en cuenta lo factible que pueda resultar dicha inversión mucho menos garantizar financieramente su retorno. El título de la propuesta para la solución de esta problemática lleva por nombre Evaluación, Análisis y Estudios necesarios para la toma decisiones de inversión a corto plazo relacionadas con activos fijos. Esta propuesta se incluye en el anexo número uno, en la que se realizaron estudios y análisis previos tales como análisis institucional, de mercado, técnico y económico financiero, mismos que son contemplados en todo proyecto de inversión, todo ello con el propósito de garantizar la viabilidad y proponerle a la administración una guía o modelo sistemático que oriente la forma y secuencia lógica de los estudios necesarios que debe realizar para las inversiones a corto plazo. En la propuesta planteada, se tomaron de bases los activos fijos que representan los ejes principales de la empresa y que ayudan a producir y conservar su fuente generadora de ingresos; siendo los siguientes: Equipo de alineación computarizada, equipo de balanceo computarizado y equipo hidráulico para desmontar llantas. De los anteriores dependen los diferentes servicios y productos que ofrece la empresa.
650 1 4 _2LEMB
_aCobán, Alta Verapaz
_xevaluación
_xinversión
_xseguridad
_xmercado
700 _aLic. Obdulio Ottoniel León Pacay
_eAsesor
856 _uhttps://drive.google.com/file/d/1HFnCnHCNggKVzRzIVFi7zuxIe2chuNs0/view?usp=sharing
_yPDF
_zUn ejemplar en línea.
942 _2ddc
_cTES
_iTCPA_3
_kClasificación
_n0
_6TCPA__3
999 _c1845
_d1845